The disappearing trick / (Record no. 55191)

MARC details
000 -LEADER
fixed length control field 00799nam a22002537a 4500
005 - DATE AND TIME OF LATEST TRANSACTION
control field 2011081003123.0
008 - FIXED-LENGTH DATA ELEMENTS--GENERAL INFORMATION
fixed length control field 110810t xxu||||| |||| 00| 0 eng d
010 ## - LCCN (DPL NO)
LC control number ENG-103280
020 ## - INTERNATIONAL STANDARD BOOK NUMBER
Terms of availability 120.00
International Standard Book Number 9788189392079
035 ## - SYSTEM CONTROL NUMBER
System control number EN-86813
037 ## - SOURCE OF ACQUISITION
Source of stock number/acquisition DBAD/PUB
040 ## - CATALOGING SOURCE
Original cataloging agency DPL
Language of cataloging Eng
082 ## - DEWEY DECIMAL CLASSIFICATION NUMBER
Classification number S
100 ## - MAIN ENTRY--PERSONAL NAME
9 (RLIN) 31629
Personal name Barthakur, Inderjit Kaur
245 ## - TITLE STATEMENT
Title The disappearing trick /
Statement of responsibility, etc by Inderjit Kaur Barthakur
260 ## - PUBLICATION, DISTRIBUTION, ETC. (IMPRINT)
Place of publication, distribution, etc New Delhi
Name of publisher, distributor, etc Kumud Books
Date of publication, distribution, etc 2011
270 ## - ADDRESS
Address C 8/8806, Vasant Kunj
City New Delhi
Postal code 110070
300 ## - PHYSICAL DESCRIPTION
Extent xiv,169p.
Dimensions 18cm (pbk)
490 ## - SERIES STATEMENT
Series statement travel companion-2
-- 32325
650 ## - SUBJECT ADDED ENTRY--TOPICAL TERM
9 (RLIN) 31639
700 ## - ADDED ENTRY--PERSONAL NAME
9 (RLIN) 31640
942 ## - ADDED ENTRY ELEMENTS (KOHA)
Source of classification or shelving scheme Dewey Decimal Classification
Item type English Books
Call number suffix BAR
Classification part S
Holdings
Withdrawn status Lost status Source of classification or shelving scheme Damaged status Not for loan Collection code Home library Current library Date acquired Source of acquisition Cost, normal purchase price Total Checkouts Full call number Barcode Date last seen Copy number Cost, replacement price Koha item type
    Dewey Decimal Classification   Not For Loan Fiction D.B.Act.Division D.B.Act.Division 10/08/2011 DBAD/PUB 120.00   S BAR EN-86813 10/08/2011 1 120.00 English Books

© Delhi Public Library
Hit Counter
free hit counter